| 000 | 00420nam a22001577a 4500 | ||
|---|---|---|---|
| 020 | _a0521775310 | ||
| 082 | _a428.0076 JAK | ||
| 100 | _aJakeman, Vanessa | ||
| 245 | _aCambridge ielts 2 with answers Edition | ||
| 260 |
_aUK _bCambridge University Press, _c2000 |
||
| 300 |
_aiv, 172 p. _eCD-ROM |
||
| 490 | _aIelts practice tests. | ||
| 650 | _aExamination Papers IELTS | ||
| 700 | _aMcDowell Clare | ||
| 942 | _cBK | ||
| 999 |
_c491112 _d491112 |
||